| 000 | 01385 a2200373 4500 | ||
|---|---|---|---|
| 999 |
_c200422581 _d39527 |
||
| 001 | 200422581 | ||
| 003 | TR-AnTOB | ||
| 005 | 20250131113444.0 | ||
| 008 | 150730b tu 000 0 | ||
| 020 | _a9786058967212 | ||
| 040 |
_aTR-AnTOB _btur _cTR-AnTOB |
||
| 041 | _atur | ||
| 050 | 0 | 0 |
_aHC427.92 _b.C539 2010 |
| 090 | _aHC427.92 .C539 2010 | ||
| 245 | 1 | 0 |
_aChina : _bA new superpower? : Dimensions of power, energy and security / _cedited by Atilla Sandıklı. |
| 246 | 1 | 3 | _aA new superpower? : Dimensions of power, energy and security |
| 264 |
_aİstanbul : _bBilgesam Publications, _c2010. |
||
| 300 |
_a240 p. : _bill. ; _c21 cm. |
||
| 336 |
_atext _2rdacontent |
||
| 337 |
_aunmediated _2rdamedia |
||
| 338 |
_avolume _2rdacarrier |
||
| 504 | _aIncludes bibliographical references (p.239-240) | ||
| 651 | 7 |
_aÇin _xDış ilişkiler _zTürkiye _2etuturkob _9108254 |
|
| 651 |
_aChina _xForeign relations _zTurkey _9108250 |
||
| 651 | 7 |
_aTürkiye _xDış ilişkiler _zÇin _2etuturkob _951824 |
|
| 651 |
_aÇin _xEkonomik durum _y20. yüzyıl _9108251 |
||
| 651 |
_aChina _xEconomic conditions _y20th century _9108248 |
||
| 651 | 7 |
_aÇin _xEkonomik durum _y1976-2000 _2etuturkob _991441 |
|
| 651 | 0 |
_aChina _xEconomic conditions _y1976-2000 _934913 |
|
| 651 | 0 |
_aTurkey _xForeign relations _zChina _9104809 |
|
| 700 | 1 |
_aSandıklı, Atilla _9101905 |
|
| 942 |
_cBK _2lcc |
||